Statistics for Five Countries with Longest Total Borders by Continent

Click here to take the quiz!

General Stats

  • This quiz has been taken 2,561 times
  • The average score is 23 of 25

Answer Stats

ContinentLength (km)Country% Correct
Asia22,147China
99%
Asia / Europe20,017Russia
99%
North America8,893Canada
98%
North America4,353Mexico
98%
North America12,034United States
98%
South America14,691Brazil
97%
Europe2,889France
97%
South America9,665Argentina
96%
South America6,171Chile
96%
Europe3,621Germany
96%
Asia14,103India
96%
Africa10,730DR Congo
95%
South America6,004Colombia
94%
Europe4,663Ukraine
93%
Africa6,343Algeria
92%
South America6,743Bolivia
92%
Asia12,012Kazakhstan
92%
Oceania820Papua New Guinea
92%
North America1,687Guatemala
89%
North America1,520Honduras
89%
Europe2,788Poland
89%
Africa6,764Sudan
89%
Asia8,220Mongolia
88%
Africa5,968Chad
87%
Africa7,243Mali
83%

Score Distribution

Percentile by Number Answered

Percent of People with Each Score

Your Score History

You have not taken this quiz